| 000 | 005200000a22001930004500 | ||
|---|---|---|---|
| 001 | 001084 | ||
| 003 | MACL | ||
| 005 | 20151027104909.0 | ||
| 008 | 151027b xxu||||| |||| 00| 0 eng d | ||
| 040 |
_aMACL _cMACL |
||
| 041 | _aEnglish | ||
| 082 | _a923.2/PYA | ||
| 100 |
_aPyarelal, _914107 |
||
| 245 |
_aMahatma Gandhi V-2 _bThe Discovery of Satyagraha On the Threshold _cPyarelal |
||
| 260 |
_aAhmedabad _c1997 _bNavjivan Publishing House, |
||
| 350 | _a500 | ||
| 650 |
_aBiography _916815 |
||
| 942 |
_k923.2/PYA _cBK _2ddc |
||
| 999 |
_c1079 _d1079 |
||